[Event "IECG CP.2007.P.00074 email"]
[Site "IECG email"]
[Date "2007.10.01"]
[Round "?"]
[White "Masala, Pierluca"]
[Black "Krishnamurthy, Santoshkumar"]
[Result "1-0"]
[WhiteElo "1861"]
[BlackElo "800"]
[PlyCount "39"]
[EventDate "2007.10.01"]
[EventType "tourn (corr)"]
[EventRounds "6"]
[SourceTitle "Corr 2024"]
[Source "ChessBase"]
[SourceDate "2023.10.19"]
[SourceVersion "1"]
[SourceVersionDate "2023.10.19"]
[SourceQuality "1"]

1. e4 d5 2. exd5 Qxd5 3. Nc3 Qd8 4. d3 a6 5. Nf3 b5 6. Be2 Bb7 7. 0-0 f6 8. Re1 g6 9. a3 Qd6 10. Nd2 Qc6 11. Bf3 Qb6 12. Nd5 Bxd5 13. Bxd5 Ra7 14. Qf3 Qd4 15. Nc4 g5 16. Be3 Qh4 17. Bxa7 bxc4 18. Be6 cxd3 19. Qa8 Qd4 20. Bxd4 1-0